|
|
|
|
| LEADER |
00813nam a2200217 a 4500 |
| 001 |
000024871 |
| 003 |
CZ BrMZK |
| 005 |
20020730101136.0 |
| 008 |
010907s1966 xr f cze d |
| 040 |
|
|
|a BOA001
|b cze
|
| 100 |
1 |
|
|a Havránek, Jan,
|d 1928-2003
|7 jk01040428
|
| 245 |
1 |
0 |
|a Úvod do studia dějepisu /
|c Jan Havránek, Milan Myška (ve spolupráci s Jiřím Paclíkem)
|
| 250 |
|
|
|a 2., oprav.a rozšíř.vyd.
|
| 260 |
|
|
|a Ostrava :
|b Pedagogická fakulta,
|c 1966
|
| 300 |
|
|
|a 262 s.
|
| 700 |
1 |
|
|a Paclík, Jiří,
|d 1931-2006
|7 jk01091443
|
| 700 |
1 |
|
|a Myška, Milan,
|d 1933-2016
|7 jk01082614
|
| 910 |
|
|
|a BOA001
|b PK-0045.003
|
| 964 |
|
|
|a Dějepis - studium - úvody - učebnice - školy vysoké
|
| 990 |
|
|
|a BK
|
| 996 |
7 |
|
|b 3119997530
|c PK-0045.003
|l MZK
|r Sklad / do 1 hodiny
|n 40
|w 000024871
|u 000010
|a 1
|e BOA001
|j MZK50
|s A
|